<?xml version="1.0" encoding="UTF-8"?>
<record
    xmlns:xsi="http://www.w3.org/2001/XMLSchema-instance"
    xsi:schemaLocation="http://www.loc.gov/MARC21/slim http://www.loc.gov/standards/marcxml/schema/MARC21slim.xsd"
    xmlns="http://www.loc.gov/MARC21/slim">

  <leader>02310nam a2200325   4500</leader>
  <controlfield tag="001">113459</controlfield>
  <controlfield tag="003">DR-UNIBE</controlfield>
  <controlfield tag="005">20260311062603.0</controlfield>
  <controlfield tag="008">250416b2024    dr ||||| |||| 00| 0 spa d</controlfield>
  <datafield tag="020" ind1=" " ind2=" ">
    <subfield code="a">9789945251135</subfield>
  </datafield>
  <datafield tag="040" ind1=" " ind2=" ">
    <subfield code="a">BIBLIOTECA UNIBE</subfield>
    <subfield code="b">spa</subfield>
    <subfield code="c">BIBLIOTECA UNIBE</subfield>
    <subfield code="e">rda</subfield>
  </datafield>
  <datafield tag="041" ind1=" " ind2=" ">
    <subfield code="a">spa</subfield>
  </datafield>
  <datafield tag="082" ind1=" " ind2=" ">
    <subfield code="2">22</subfield>
    <subfield code="a">RD 972.9304 V422m 2024</subfield>
  </datafield>
  <datafield tag="100" ind1=" " ind2="0">
    <subfield code="a">Vega B., Wenceslao,</subfield>
    <subfield code="q">(Vega Boyrie, Wenceslao Nicol&#xE1;s),</subfield>
    <subfield code="d">1932-</subfield>
    <subfield code="e">autor</subfield>
    <subfield code="9">195939</subfield>
  </datafield>
  <datafield tag="245" ind1="1" ind2="3">
    <subfield code="a">La mediaci&#xF3;n extranjera en las guerras dominicanas de independencia, 1849-1859 / </subfield>
    <subfield code="c">Wenceslao Vega B. ;  presentaci&#xF3;n: Raymundo Gonz&#xE1;lez ; edici&#xF3;n : &#xC1;rea de publicaciones ; diagramaci&#xF3;n y cubierta: Juan Francisco Dom&#xED;nguez Novas ; cubierta: Esteban Rimoli</subfield>
  </datafield>
  <datafield tag="250" ind1=" " ind2=" ">
    <subfield code="a">Segunda edici&#xF3;n</subfield>
  </datafield>
  <datafield tag="260" ind1=" " ind2=" ">
    <subfield code="a">Santo Domingo : </subfield>
    <subfield code="b">Archivo General de la Naci&#xF3;n (AGN), </subfield>
    <subfield code="c">2024</subfield>
  </datafield>
  <datafield tag="300" ind1=" " ind2=" ">
    <subfield code="a">172 p&#xE1;ginaas :</subfield>
    <subfield code="b">fotos b/n ;</subfield>
    <subfield code="c">22 x 15 cm</subfield>
  </datafield>
  <datafield tag="490" ind1=" " ind2=" ">
    <subfield code="a">Archivo General de la Naci&#xF3;n ;</subfield>
    <subfield code="v">519</subfield>
  </datafield>
  <datafield tag="500" ind1=" " ind2=" ">
    <subfield code="a">Informaci&#xF3;n del autor en las solapas</subfield>
  </datafield>
  <datafield tag="505" ind1=" " ind2=" ">
    <subfield code="a">Presentaci&#xF3;n a la segunda edici&#xF3;n |
Introducci&#xF3;n |
Cap&#xED;tulo I. Breve rese&#xF1;a hist&#xF3;rica |
Cap&#xED;tulo II. Los dominicanos en los albores de la emancipaci&#xF3;n |
Cap&#xED;tulo III. Inter&#xE9;s del trabajo |
Cap&#xED;tulo IV. Injerencia de las potencias antes de la independencia dominicana |
Cap&#xED;tulo V. Intereses de Hait&#xED; y de las potencias sobre la Rep&#xFA;blica Dominicana |
Cap&#xED;tulo VI. Las guerras dom&#xED;nico-haitinas |
Cap&#xED;tulo VII. Los reconocimientos y los tratados |
Cap&#xED;tulo VIII. La mediaci&#xF3;n |
Cap&#xED;tulo IX. La tregua |
Cap&#xED;tulo X. Las &#xFA;ltimas campa&#xF1;as militares, 1855-1856 |
Cap&#xED;tulo XI. Conclusiones |
Bibliograf&#xED;a |
Principales personajes que aparecen en este trabajo
 </subfield>
  </datafield>
  <datafield tag="651" ind1=" " ind2="7">
    <subfield code="2">lemb</subfield>
    <subfield code="a"> Rep&#xFA;blica Dominicana </subfield>
    <subfield code="x">Relaciones Exteriores</subfield>
    <subfield code="y">1844</subfield>
    <subfield code="9">194377</subfield>
  </datafield>
  <datafield tag="651" ind1=" " ind2="7">
    <subfield code="2">lemb</subfield>
    <subfield code="a"> Rep&#xFA;blica Dominicana </subfield>
    <subfield code="x">Historia</subfield>
    <subfield code="x">Mediaci&#xF3;n extranjera</subfield>
    <subfield code="9">194378</subfield>
  </datafield>
  <datafield tag="651" ind1=" " ind2="7">
    <subfield code="2">lemb</subfield>
    <subfield code="a"> Rep&#xFA;blica Dominicana</subfield>
    <subfield code="x">Historia</subfield>
    <subfield code="x">Independencia Nacional</subfield>
    <subfield code="y">1849-1859 </subfield>
    <subfield code="9">194379</subfield>
  </datafield>
  <datafield tag="700" ind1="1" ind2="0">
    <subfield code="a">Dom&#xED;nguez Novas, Juan Francisco </subfield>
    <subfield code="9">127336</subfield>
    <subfield code="e">diagramador</subfield>
    <subfield code="e">cubierta</subfield>
  </datafield>
  <datafield tag="700" ind1="1" ind2="0">
    <subfield code="a">Rimoli, Esteban </subfield>
    <subfield code="9">193448</subfield>
    <subfield code="e">dise&#xF1;o de cubierta</subfield>
  </datafield>
  <datafield tag="700" ind1="1" ind2="0">
    <subfield code="a">Gonz&#xE1;lez, Raymundo,</subfield>
    <subfield code="d">1961-</subfield>
    <subfield code="q">(Gonz&#xE1;lez de Pe&#xF1;a, Raymundo Manuel)</subfield>
    <subfield code="9">144555</subfield>
    <subfield code="e">presentador</subfield>
  </datafield>
  <datafield tag="710" ind1="1" ind2="0">
    <subfield code="a">Archivo General de la Naci&#xF3;n (AGN)</subfield>
    <subfield code="b">&#xC1;rea de publicaciones</subfield>
    <subfield code="9">194325</subfield>
    <subfield code="e">edici&#xF3;n</subfield>
  </datafield>
  <datafield tag="942" ind1=" " ind2=" ">
    <subfield code="2">ddc</subfield>
    <subfield code="c">BK</subfield>
  </datafield>
  <datafield tag="999" ind1=" " ind2=" ">
    <subfield code="c">113459</subfield>
    <subfield code="d">113459</subfield>
  </datafield>
  <datafield tag="952" ind1=" " ind2=" ">
    <subfield code="0">0</subfield>
    <subfield code="1">0</subfield>
    <subfield code="2">ddc</subfield>
    <subfield code="7">0</subfield>
    <subfield code="8">GEN-RD</subfield>
    <subfield code="a">Principal</subfield>
    <subfield code="d">2025-04-28</subfield>
    <subfield code="l">0</subfield>
    <subfield code="o">RD 972.9304 V422m 2024</subfield>
    <subfield code="p">250482</subfield>
    <subfield code="r">2025-04-16 14:52:21</subfield>
    <subfield code="t">Ej. 1</subfield>
    <subfield code="w">2025-04-16</subfield>
    <subfield code="y">BK</subfield>
  </datafield>
</record>
